Shelley, lyrical romantic / (Record no. 602)

MARC details
000 -LEADER
fixed length control field 01369cam a2200181 4500
001 - CONTROL NUMBER
control field 845
008 - FIXED-LENGTH DATA ELEMENTS--GENERAL INFORMATION
fixed length control field 990123s1998 enka 001 0 eng d
020 ## - INTERNATIONAL STANDARD BOOK NUMBER
International Standard Book Number 1860193978
100 1# - MAIN ENTRY--PERSONAL NAME
Personal name Shelley, Percy Bysshe,
Dates associated with a name 1792-1822.
245 10 - TITLE STATEMENT
Title Shelley, lyrical romantic /
Statement of responsibility, etc. written and compiled by K.E. Sullivan.
246 ## - VARYING FORM OF TITLE
Title proper/short title Spine title: Shelley: lyrical visionary
Remainder of title
Date or sequential designation
Medium
Display text
Number of part/section of a work
Name of part/section of a work
260 ## - PUBLICATION, DISTRIBUTION, ETC.
Place of publication, distribution, etc. London :
Name of publisher, distributor, etc. Brockhampton Press,
Date of publication, distribution, etc. c1998.
300 ## - PHYSICAL DESCRIPTION
Extent 96 p. :
Other physical details ill. (some col.) ;
Dimensions 24 cm.
440 #0 - SERIES STATEMENT/ADDED ENTRY--TITLE
Title Illustrated poetry anthology.
500 ## - GENERAL NOTE
General note Includes index.
505 0# - FORMATTED CONTENTS NOTE
Formatted contents note Queen Mab : (extract) -- The revolt of Islam : (extract) -- Prometheus unbound : (extract) -- Lines written on hearing the news of the death of Napoleon -- A summer-evening churchyard -- To Wordsworth -- Hymn to intellectual beauty -- To the Lord Chancellor -- Sonnet : Ozymandias -- The woodman the the nightingale -- Misery : a fragment -- Sonnet : Lift not the painted veil which those who live -- Ode to the west wind -- The cloud : (extract) -- To a skylark : (extract) -- The tower of famine -- Autumn -- Ode to liberty -- Adona�is : (extract) -- The dirge -- Epipschydion : (extract) --Lines : If I walt in autumn's even -- To Jane : The keen stars are twinkling -- Lines : When the lamp is shattered -- Sonnets from the Greek of Moschus : (extract) -- England in 1819 -- Time.
700 1# - ADDED ENTRY--PERSONAL NAME
Personal name Sullivan, K. E.
Holdings
Withdrawn status Lost status Source of classification or shelving scheme Damaged status Not for loan Collection code Home library Current library Shelving location Date acquired Cost, normal purchase price Serial Enumeration / chronology Inventory number Full call number Barcode Date last seen Price effective from Koha item type
    Dewey Decimal Classification     Main TEST RTC Library RTC Library Main opac 27/11/2018 150.00 2257 821.7 SHE 30004068 27/11/2018 27/11/2018 Main
Royal Thimphu College || All Right Reserved